000 00301nam a22001337a 4500
008 210304b ||||| |||| 00| 0 eng d
020 _a9780155084810
041 _aeng
080 _27th
_a37
100 _a46
101 _aEDU
245 _aAn Introduction to Language
_cFromkin,V
942 _2udc
_cBK
999 _c55762
_d55762